[Event "Titled Tuesday intern op 26th Sep Early"]
[Site "Chess.com INT"]
[Date "2023.09.26"]
[Round "1"]
[White "Kim, Sergey2222"]
[Black "Lopez Gracia, Fernando"]
[Result "1-0"]
[WhiteElo "2295"]
[BlackElo "2252"]
[PlyCount "61"]
[EventDate "2023.09.26"]
[EventType "swiss (blitz)"]
[EventRounds "11"]
[EventCountry "USA"]
[SourceTitle "EXT 2024"]
[Source "ChessBase"]
[SourceDate "2023.10.10"]
[SourceVersion "1"]
[SourceVersionDate "2023.10.10"]
[SourceQuality "1"]

1. d4 d5 2. c4 e6 3. Nc3 Nf6 4. Nf3 Be7 5. Bf4 0-0 6. e3 b6 7. cxd5 exd5 8. Bd3 Bb7 9. Ne5 Nbd7 10. 0-0 Rc8 11. Qf3 c5 12. Qh3 g6 13. Rad1 cxd4 14. exd4 Nxe5 15. dxe5 Nh5 16. Bh6 Re8 17. e6 fxe6 18. Qxe6+ Kh8 19. Bxg6 Nf6 20. Bxe8 Qxe8 21. Rfe1 d4 22. Qxe7 Qxe7 23. Rxe7 dxc3 24. bxc3 Bc6 25. Bg7+ Kg8 26. Bxf6 Kf8 27. Rxh7 Re8 28. Rh8+ Kf7 29. Rxe8 Bxe8 30. Bd4 Bc6 31. h4 1-0

[Event "Titled Tuesday intern op 26th Sep Early"]
[Site "Chess.com INT"]
[Date "2023.09.26"]
[Round "3"]
[White "Lopez Gracia, Fernando"]
[Black "Baches Garcia, Guillermo"]
[Result "0-1"]
[WhiteElo "2252"]
[BlackElo "2327"]
[PlyCount "78"]
[EventDate "2023.09.26"]
[EventType "swiss (blitz)"]
[EventRounds "11"]
[EventCountry "USA"]
[SourceTitle "EXT 2024"]
[Source "ChessBase"]
[SourceDate "2023.10.10"]
[SourceVersion "1"]
[SourceVersionDate "2023.10.10"]
[SourceQuality "1"]

1. e4 d5 2. exd5 Qxd5 3. Nc3 Qa5 4. Bc4 Nf6 5. d3 a6 6. Bd2 Qe5+ 7. Nge2 b5 8. Bf4 Qc5 9. Bb3 Bb7 10. 0-0 e5 11. d4 Qc6 12. d5 Qd6 13. Bg3 Nbd7 14. f4 e4 15. f5 Qb6+ 16. Kh1 Bd6 17. Re1 0-0 18. Bxd6 cxd6 19. Nf4 Rfe8 20. a4 b4 21. Nce2 Nc5 22. Qd4 Qc7 23. Qxb4 e3 24. Qd4 Re4 25. Qd1 Nxb3 26. cxb3 Rae8 27. Rc1 Qb6 28. Nd3 Bxd5 29. Ng3 Rg4 30. b4 Qb7 31. Qe2 h5 32. Nxh5 Rxg2 33. Qxg2 Bxg2+ 34. Kg1 Nxh5 35. Re2 Nf4 36. Nxf4 Bf3 37. Ree1 Qe4 38. Nh3 Qg4+ 39. Kf1 Qg2# 0-1

[Event "Titled Tuesday intern op 26th Sep Early"]
[Site "Chess.com INT"]
[Date "2023.09.26"]
[Round "6"]
[White "Lopez Gracia, Fernando"]
[Black "Vargas, Mauricio"]
[Result "1-0"]
[WhiteElo "2252"]
[BlackElo "1961"]
[PlyCount "31"]
[EventDate "2023.09.26"]
[EventType "swiss (blitz)"]
[EventRounds "11"]
[EventCountry "USA"]
[SourceTitle "EXT 2024"]
[Source "ChessBase"]
[SourceDate "2023.10.10"]
[SourceVersion "1"]
[SourceVersionDate "2023.10.10"]
[SourceQuality "1"]

1. e4 c6 2. Nf3 d5 3. d3 dxe4 4. dxe4 Qc7 5. Bc4 e5 6. Be3 Nf6 7. Nc3 Bb4 8. Nd2 0-0 9. 0-0 Rd8 10. Qe2 Nbd7 11. Bxf7+ Kh8 12. a3 Bxc3 13. bxc3 Nf8 14. Bb3 Qe7 15. Nf3 Nxe4 16. Qc4 1-0

[Event "Titled Tuesday intern op 26th Sep Early"]
[Site "Chess.com INT"]
[Date "2023.09.26"]
[Round "10"]
[White "Stead, Kerry"]
[Black "Lopez Gracia, Fernando"]
[Result "0-1"]
[WhiteElo "1892"]
[BlackElo "2252"]
[PlyCount "102"]
[EventDate "2023.09.26"]
[EventType "swiss (blitz)"]
[EventRounds "11"]
[EventCountry "USA"]
[SourceTitle "EXT 2024"]
[Source "ChessBase"]
[SourceDate "2023.10.10"]
[SourceVersion "1"]
[SourceVersionDate "2023.10.10"]
[SourceQuality "1"]

1. d4 d5 2. e4 dxe4 3. Nc3 Nf6 4. f3 exf3 5. Nxf3 Bg4 6. h3 Bh5 7. g4 Bg6 8. Ne5 e6 9. Qf3 Qxd4 10. Nxg6 hxg6 11. Qxb7 Bd6 12. Qxa8 Bg3+ 13. Ke2 Qf2+ 14. Kd3 0-0 15. Kc4 Rd8 16. Bd3 Qd4+ 17. Kb3 Na6 18. Qxd8+ Qxd8 19. Bxa6 c5 20. a3 Qb6+ 21. Ka2 Qxa6 22. b3 Be5 23. Bb2 c4 24. b4 Bxc3 25. Bxc3 Nd5 26. Kb2 Qb6 27. Rad1 Qe3 28. Bd4 c3+ 29. Kb3 Qe4 30. Rhe1 Qf3 31. Rd3 Qg2 32. Red1 f5 33. gxf5 gxf5 34. Bxc3 Nxc3 35. Rxc3 e5 36. Rd7 e4 37. Rc8+ Kh7 38. Rxa7 e3 39. Re7 Qd5+ 40. c4 Qd3+ 41. Ka4 e2 42. Rce8 f4 43. Rxe2 f3 44. Rf2 Qd1+ 45. Ka5 Qd3 46. Rf8 Qxa3+ 47. Kb5 Qe3 48. R8xf3 Qe5+ 49. Ka4 Qe8+ 50. Kb3 Qe6 51. b5 Qd6 0-1

[Event "Titled Tuesday intern op 15th Aug Early"]
[Site "Chess.com INT"]
[Date "2023.08.15"]
[Round "7"]
[White "Lehtosaari, Mauri"]
[Black "Lopez Gracia, Fernando"]
[Result "1-0"]
[WhiteElo "2138"]
[BlackElo "2252"]
[PlyCount "133"]
[EventDate "2023.08.15"]
[EventType "swiss (blitz)"]
[EventRounds "11"]
[EventCountry "USA"]
[SourceTitle "EXT 2024"]
[Source "ChessBase"]
[SourceDate "2023.10.10"]
[SourceVersion "1"]
[SourceVersionDate "2023.10.10"]
[SourceQuality "1"]

1. d4 Nf6 2. Nf3 e6 3. Bg5 d5 4. Nbd2 Be7 5. e3 Nbd7 6. Bd3 b6 7. c3 Bb7 8. 0-0 Ne4 9. Bxe7 Qxe7 10. a4 c5 11. a5 0-0 12. Bb5 Nd6 13. Bxd7 Qxd7 14. Ne5 Qe7 15. a6 Bc8 16. f4 f6 17. Nd3 Ne4 18. Nxe4 dxe4 19. Nf2 f5 20. Qb3 Rd8 21. Rfd1 Bd7 22. Rd2 Bc6 23. Rad1 cxd4 24. Rxd4 Bd5 25. c4 Bc6 26. Qc3 Kf7 27. b4 Rac8 28. Nh3 h6 29. Nf2 Rxd4 30. Rxd4 Bb5 31. Qb3 Bxa6 32. g4 g6 33. b5 Bb7 34. Qd1 Rc7 35. Qd2 Bc8 36. gxf5 exf5 37. Kf1 Rd7 38. Rxd7 Qxd7 39. Qc3 Qe7 40. Qh8 Be6 41. Qxh6 Bxc4+ 42. Kg2 Qf6 43. Nh3 Qg7 44. Ng5+ Kg8 45. Qh4 Qb2+ 46. Kg3 Qg7 47. Qh3 Bxb5 48. Qg2 Bd3 49. Qa2+ Kh8 50. Qe6 Qg8 51. Qf6+ Qg7 52. Qd8+ Qg8 53. Qc7 Qg7 54. Qb8+ Qg8 55. Qxa7 b5 56. Qb7 Bc4 57. h4 Qg7 58. Qb8+ Qg8 59. Qe5+ Qg7 60. Qe8+ Qg8 61. Qd7 Qg7 62. Qc8+ Qg8 63. Qb7 Qg7 64. Qb6 Qg8 65. h5 gxh5 66. Qh6+ Qh7 67. Qxh7# 1-0

[Event "Titled Tuesday intern op 15th Aug Early"]
[Site "Chess.com INT"]
[Date "2023.08.15"]
[Round "8"]
[White "Lopez Gracia, Fernando"]
[Black "Rosenberg, Evan"]
[Result "1-0"]
[WhiteElo "2252"]
[BlackElo "1941"]
[PlyCount "83"]
[EventDate "2023.08.15"]
[EventType "swiss (blitz)"]
[EventRounds "11"]
[EventCountry "USA"]
[SourceTitle "EXT 2024"]
[Source "ChessBase"]
[SourceDate "2023.10.10"]
[SourceVersion "1"]
[SourceVersionDate "2023.10.10"]
[SourceQuality "1"]

1. b3 e5 2. Bb2 Nc6 3. e3 d5 4. Bb5 Nge7 5. Nf3 f6 6. d4 e4 7. Nfd2 Bd7 8. Be2 Ng6 9. h4 Bd6 10. c4 f5 11. h5 Nf8 12. cxd5 Nb4 13. Nc3 Qg5 14. a3 Qxg2 15. Rf1 Na6 16. Qc2 g5 17. 0-0-0 g4 18. Nc4 Ke7 19. b4 h6 20. Ne5 Be8 21. Bxa6 bxa6 22. Rg1 Qh2 23. Rh1 Bxe5 24. Rxh2 Bxh2 25. Ne2 Bd6 26. Nf4 Rg8 27. Bc3 Rb8 28. Qe2 Bb5 29. Qd2 Bxf4 30. exf4 Nd7 31. d6+ Kxd6 32. d5 Bd3 33. Qe3 Nb6 34. Qc5+ Kd7 35. Be5 Rgc8 36. Qc6+ Ke7 37. Bf6+ Kf8 38. Bh8 Nc4 39. Qf6+ Ke8 40. Bg7 Nd6 41. Qe6+ Kd8 42. Bf6# 1-0

[Event "Titled Tuesday intern op 08th Aug Early"]
[Site "Chess.com INT"]
[Date "2023.08.08"]
[Round "3"]
[White "Al Tarbosh, Ward"]
[Black "Lopez Gracia, Fernando"]
[Result "1-0"]
[WhiteElo "2280"]
[BlackElo "2252"]
[PlyCount "147"]
[EventDate "2023.08.08"]
[EventType "swiss (blitz)"]
[EventRounds "11"]
[EventCountry "USA"]
[SourceTitle "EXT 2024"]
[Source "ChessBase"]
[SourceDate "2023.10.10"]
[SourceVersion "1"]
[SourceVersionDate "2023.10.10"]
[SourceQuality "1"]

1. e4 c5 2. Nf3 e6 3. d4 cxd4 4. Nxd4 Nf6 5. Nc3 Nc6 6. Bf4 Bb4 7. Ndb5 Nxe4 8. Qf3 d5 9. Nc7+ Kf8 10. Nxa8 Qf6 11. 0-0-0 Bxc3 12. bxc3 Nxc3 13. Bd6+ Ke8 14. Qxf6 gxf6 15. Rd3 Ne4 16. Bg3 Kd7 17. c4 d4 18. Be2 e5 19. Bf3 Nc5 20. Ra3 e4 21. Bg4+ Ke7 22. Bxc8 Rxc8 23. Nc7 Nd3+ 24. Kd2 Nce5 25. Nd5+ Ke6 26. Bxe5 Nxe5 27. Rc1 Nxc4+ 28. Rxc4 Rxc4 29. Nf4+ Kf5 30. Ne2 Rb4 31. Rxa7 Rb2+ 32. Kd1 d3 33. Ng3+ Ke5 34. Ra4 f5 35. Ra5+ Kd4 36. Nxf5+ Kc3 37. Rc5+ Kb4 38. Rc7 Rxf2 39. Rxb7+ Kc3 40. Rc7+ Kb4 41. Ne3 Rxa2 42. Nd5+ Ka3 43. Ra7+ Kb3 44. Rxa2 Kxa2 45. Nc3+ Kb3 46. Nxe4 f5 47. Ng3 f4 48. Nh5 Kc3 49. Nxf4 Kd4 50. Kd2 Ke4 51. Nxd3 h5 52. Ke2 h4 53. h3 Kd4 54. Nf2 Ke5 55. Kf3 Kf5 56. Ne4 Kg6 57. Kg4 Kh6 58. Kxh4 Kh7 59. Kg5 Kg7 60. h4 Kh7 61. h5 Kg7 62. h6+ Kh7 63. Nf6+ Kh8 64. Nh5 Kg8 65. g4 Kh8 66. Kg6 Kg8 67. g5 Kh8 68. Kf7 Kh7 69. g6+ Kxh6 70. g7 Kxh5 71. g8Q Kh4 72. Kf6 Kh3 73. Kf5 Kh4 74. Qg4# 1-0

[Event "Titled Tuesday intern op 08th Aug Late"]
[Site "Chess.com INT"]
[Date "2023.08.08"]
[Round "4"]
[White "Janaszak, Dawid"]
[Black "Lopez Gracia, Fernando"]
[Result "1/2-1/2"]
[WhiteElo "2302"]
[BlackElo "2252"]
[PlyCount "78"]
[EventDate "2023.08.08"]
[EventType "swiss (blitz)"]
[EventRounds "11"]
[EventCountry "USA"]
[SourceTitle "EXT 2024"]
[Source "ChessBase"]
[SourceDate "2023.10.10"]
[SourceVersion "1"]
[SourceVersionDate "2023.10.10"]
[SourceQuality "1"]

1. d4 Nf6 2. Nc3 d5 3. Bf4 e6 4. a3 a6 5. e3 c5 6. g4 h6 7. Qf3 Nc6 8. 0-0-0 Qa5 9. Nge2 b5 10. dxc5 Bxc5 11. Nd4 Bxa3 12. Nxc6 Qxc3 13. bxa3 Qxc6 14. Bd3 Bb7 15. Be5 Qc5 16. Kb2 Qe7 17. Rhg1 b4 18. a4 Rc8 19. h4 Ne4 20. Bxg7 Rg8 21. Be5 f6 22. Bd4 e5 23. Bb6 Qe6 24. a5 Qc6 25. Qf5 Qc3+ 26. Kb1 Rc6 27. Bxe4 dxe4 28. Qd7+ Kf8 29. Qd8+ Kg7 30. Qe7+ Kh8 31. Rd7 Qxc2+ 32. Ka1 Qa4+ 33. Kb1 Qb3+ 34. Ka1 Qc3+ 35. Kb1 Qc2+ 36. Ka1 Qc3+ 37. Kb1 Qb3+ 38. Ka1 Qa3+ 39. Kb1 Qb3+ 1/2-1/2

[Event "Titled Tuesday intern op 08th Aug Late"]
[Site "Chess.com INT"]
[Date "2023.08.08"]
[Round "9"]
[White "Negron Lizarazo, Juan Sebastian"]
[Black "Lopez Gracia, Fernando"]
[Result "0-1"]
[WhiteElo "1689"]
[BlackElo "2252"]
[PlyCount "56"]
[EventDate "2023.08.08"]
[EventType "swiss (blitz)"]
[EventRounds "11"]
[EventCountry "USA"]
[SourceTitle "EXT 2024"]
[Source "ChessBase"]
[SourceDate "2023.10.10"]
[SourceVersion "1"]
[SourceVersionDate "2023.10.10"]
[SourceQuality "1"]

1. e4 c5 2. Nc3 e6 3. g3 Nc6 4. Bg2 g6 5. d3 Bg7 6. Be3 b6 7. Qd2 Nge7 8. h3 0-0 9. f4 d5 10. Nce2 Bxb2 11. Rb1 Bg7 12. Nf3 dxe4 13. dxe4 Qxd2+ 14. Bxd2 Ba6 15. e5 Rfd8 16. Be3 Nf5 17. Bf2 Rac8 18. g4 Bxe2 19. Kxe2 Nfd4+ 20. Nxd4 Nxd4+ 21. Bxd4 cxd4 22. Kd3 Rc3+ 23. Kd2 Rdc8 24. Rhc1 Bf8 25. Rb3 Ba3 26. Rxc3 dxc3+ 27. Kd1 Rd8+ 28. Ke2 Rd2+ 0-1

[Event "Titled Tuesday intern op 01st Aug Early"]
[Site "Chess.com INT"]
[Date "2023.08.01"]
[Round "2"]
[White "Baziuk, Vladyslav"]
[Black "Lopez Gracia, Fernando"]
[Result "1-0"]
[WhiteElo "2211"]
[BlackElo "2252"]
[PlyCount "177"]
[EventDate "2023.08.01"]
[EventType "swiss (blitz)"]
[EventRounds "11"]
[EventCountry "USA"]
[SourceTitle "EXT 2024"]
[Source "ChessBase"]
[SourceDate "2023.10.10"]
[SourceVersion "1"]
[SourceVersionDate "2023.10.10"]
[SourceQuality "1"]

1. e4 c5 2. Nf3 e6 3. d4 cxd4 4. Nxd4 Nc6 5. Nc3 Qc7 6. Be3 a6 7. Qd2 Nf6 8. f3 b5 9. 0-0-0 Bb7 10. g4 Nxd4 11. Bxd4 Rc8 12. Kb1 d5 13. g5 Nd7 14. exd5 e5 15. Be3 Bb4 16. Bd3 g6 17. Be4 Bxc3 18. Qxc3 Qxc3 19. bxc3 Rxc3 20. Bc1 0-0 21. Bb2 Rc4 22. Bd3 Rf4 23. Be4 Re8 24. h4 Nc5 25. Rde1 Nxe4 26. fxe4 f6 27. gxf6 Kf7 28. Rhf1 Rxf1 29. Rxf1 h5 30. Ba3 Rc8 31. Be7 Rc4 32. Re1 Bc8 33. Re3 Bd7 34. Kb2 a5 35. Ra3 a4 36. Rc3 Rxe4 37. Rc7 Ke8 38. Bc5 Rc4 39. f7+ Kxf7 40. Rxd7+ Kf6 41. Be7+ Kf5 42. Bg5 Rd4 43. Kc3 Rc4+ 44. Kd3 Rd4+ 45. Ke2 Ke4 46. d6 Kd5 47. Rb7 Ke6 48. Rxb5 Rxd6 49. Rb4 Rc6 50. Kd2 Rd6+ 51. Kc1 Ra6 52. Kb2 Kf5 53. Ka3 Rc6 54. Kb2 Ra6 55. Ka3 Rc6 56. c4 e4 57. Kxa4 Kg4 58. Kb5 Rc8 59. c5 Kf3 60. Rb3+ Kf2 61. c6 Re8 62. Kb6 e3 63. Rxe3 Rb8+ 64. Kc7 Rb2 65. Kd7 Rd2+ 66. Kc8 Rc2 67. c7 Rxa2 68. Kd8 Rd2+ 69. Kc8 Rc2 70. Re6 Kf3 71. Rxg6 Kg4 72. Kd7 Kf5 73. Rd6 Kg4 74. c8Q Rxc8 75. Kxc8 Kf5 76. Kd7 Kg4 77. Ke6 Kh3 78. Kf6 Kg4 79. Kg6 Kh3 80. Kxh5 Kg3 81. Kg6 Kg4 82. Rf6 Kg3 83. h5 Kg4 84. h6 Kg3 85. h7 Kg4 86. h8Q Kg3 87. Qh4+ Kg2 88. Rf2+ Kg1 89. Qh2# 1-0

[Event "Titled Tuesday intern op 01st Aug Late"]
[Site "Chess.com INT"]
[Date "2023.08.01"]
[Round "10"]
[White "Harriott, Tyrell"]
[Black "Lopez Gracia, Fernando"]
[Result "0-1"]
[WhiteElo "1778"]
[BlackElo "2252"]
[PlyCount "156"]
[EventDate "2023.08.01"]
[EventType "swiss (blitz)"]
[EventRounds "11"]
[EventCountry "USA"]
[SourceTitle "EXT 2024"]
[Source "ChessBase"]
[SourceDate "2023.10.10"]
[SourceVersion "1"]
[SourceVersionDate "2023.10.10"]
[SourceQuality "1"]

1. d4 Nf6 2. e3 e6 3. Bd3 b6 4. f4 Bb7 5. Nf3 c5 6. 0-0 d6 7. c3 Nbd7 8. Nbd2 Be7 9. a3 0-0 10. e4 cxd4 11. cxd4 e5 12. fxe5 dxe5 13. d5 Bc5+ 14. Kh1 Ng4 15. Qe2 f5 16. Nb3 fxe4 17. Bxe4 Ndf6 18. Nxc5 bxc5 19. Bg5 Qb6 20. Rad1 Ba6 21. Bd3 Bxd3 22. Qxd3 e4 23. Qc4 exf3 24. gxf3 Ne5 25. Qe2 Rae8 26. d6 Nf7 27. Qc4 Kh8 28. Bxf6 gxf6 29. d7 Rd8 30. Rfe1 Qc6 31. Qf4 Ne5 32. Re4 Rxd7 33. Rg1 Rdf7 34. Qf5 Qd7 35. Qf4 Ng6 36. Qh6 Qf5 37. Reg4 Qxf3+ 38. R1g2 Rd8 39. h3 Qd1+ 40. Kh2 Qd6+ 41. Kh1 Qe5 42. Rxg6 Rd1+ 43. Rg1 Qe4+ 44. R6g2 Rxg1+ 45. Kxg1 Qd4+ 46. Kh2 f5 47. Qg5 Qe5+ 48. Kh1 Qe8 49. Qf4 Qf8 50. Qc4 Rg7 51. Qc3 Kg8 52. h4 Rxg2 53. Kxg2 Qg7+ 54. Kf3 Qxc3+ 55. bxc3 Kf7 56. Kf4 Kf6 57. c4 h5 58. a4 a5 59. Ke3 Ke5 60. Kd3 f4 61. Kc3 Ke4 62. Kc2 Ke3 63. Kd1 Kd4 64. Ke2 Kxc4 65. Kf3 Kb4 66. Kxf4 c4 67. Kg5 c3 68. Kxh5 c2 69. Kh6 c1Q+ 70. Kh7 Kxa4 71. h5 Kb3 72. h6 a4 73. Kg7 a3 74. h7 a2 75. h8Q a1Q+ 76. Kg8 Qc8+ 77. Kf7 Qaxh8 78. Ke7 Qhf8# 0-1

[Event "Titled Tuesday intern op 01st Aug Early"]
[Site "Chess.com INT"]
[Date "2023.08.01"]
[Round "6"]
[White "Lopez Gracia, Fernando"]
[Black "Dushyant, Sharma"]
[Result "0-1"]
[WhiteElo "2252"]
[BlackElo "2325"]
[PlyCount "92"]
[EventDate "2023.08.01"]
[EventType "swiss (blitz)"]
[EventRounds "11"]
[EventCountry "USA"]
[SourceTitle "EXT 2024"]
[Source "ChessBase"]
[SourceDate "2023.10.10"]
[SourceVersion "1"]
[SourceVersionDate "2023.10.10"]
[SourceQuality "1"]

1. e4 d5 2. exd5 Nf6 3. Bb5+ c6 4. dxc6 Nxc6 5. Nf3 Bg4 6. h3 Bh5 7. g4 Bg6 8. Nc3 e6 9. Ne5 Qc7 10. Nxc6 bxc6 11. Be2 Bb4 12. a3 Ba5 13. b4 Bb6 14. d3 Nd5 15. Nxd5 cxd5 16. c4 Bd4 17. Qa4+ Ke7 18. Ra2 dxc4 19. dxc4 Bb1 20. Rd2 Bc3 21. 0-0 Bxd2 22. Bxd2 Be4 23. Be3 f6 24. g5 e5 25. Rd1 Rhd8 26. Rxd8 Rxd8 27. Bc5+ Kf7 28. Qxa7 Qxa7 29. Bxa7 Ra8 30. Bb6 Rxa3 31. Kh2 f5 32. c5 f4 33. Bg4 Ra1 34. f3 Bc6 35. Kg2 Rb1 36. Ba5 Rb2+ 37. Kf1 e4 38. fxe4 Bxe4 39. c6 Bxc6 40. Be2 f3 41. Bc4+ Kg6 42. Bd3+ Kxg5 43. Bd8+ Kf4 44. Be7 Ke3 45. Bxh7 Bb5+ 46. Ke1 f2+ 0-1

[Event "Titled Tuesday intern op 01st Aug Late"]
[Site "Chess.com INT"]
[Date "2023.08.01"]
[Round "6"]
[White "Lopez Gracia, Fernando"]
[Black "Gaal, Zsoka"]
[Result "1-0"]
[WhiteElo "2252"]
[BlackElo "2314"]
[PlyCount "73"]
[EventDate "2023.08.01"]
[EventType "swiss (blitz)"]
[EventRounds "11"]
[EventCountry "USA"]
[SourceTitle "EXT 2024"]
[Source "ChessBase"]
[SourceDate "2023.10.10"]
[SourceVersion "1"]
[SourceVersionDate "2023.10.10"]
[SourceQuality "1"]

1. e4 e5 2. Nf3 d6 3. d4 exd4 4. Nxd4 Nf6 5. Nc3 g6 6. Be2 Bg7 7. Be3 Nc6 8. 0-0 0-0 9. h3 Nd7 10. f4 Nxd4 11. Bxd4 Nc5 12. Bf3 Ne6 13. Bxg7 Nxg7 14. Qd2 f5 15. Rae1 c6 16. Rd1 Ne6 17. exf5 Rxf5 18. Bg4 Rf8 19. Bxe6+ Bxe6 20. Qxd6 Qxd6 21. Rxd6 Bc4 22. Rf2 Rae8 23. b3 Re3 24. Nd1 Re1+ 25. Kh2 Bd5 26. Nc3 Bf7 27. Rd7 Re3 28. Nd1 Re1 29. Nb2 b5 30. Nd3 Ra1 31. Rxa7 Rd8 32. f5 Bxb3 33. fxg6 hxg6 34. Ne5 Rxa2 35. Rxa2 Bxa2 36. Nxc6 Rc8 37. Ne7+ 1-0

[Event "Titled Tuesday intern op 01st Aug Late"]
[Site "Chess.com INT"]
[Date "2023.08.01"]
[Round "9"]
[White "Lopez Gracia, Fernando"]
[Black "Gabdushev, Ruslan"]
[Result "1-0"]
[WhiteElo "2252"]
[BlackElo "2256"]
[PlyCount "109"]
[EventDate "2023.08.01"]
[EventType "swiss (blitz)"]
[EventRounds "11"]
[EventCountry "USA"]
[SourceTitle "EXT 2024"]
[Source "ChessBase"]
[SourceDate "2023.10.10"]
[SourceVersion "1"]
[SourceVersionDate "2023.10.10"]
[SourceQuality "1"]

1. e4 g6 2. d4 Bg7 3. Nc3 c6 4. f4 d5 5. e5 h5 6. Nf3 Nh6 7. Be3 Na6 8. h3 Bf5 9. Bd3 Nb4 10. Bxf5 Nxf5 11. Bf2 Bh6 12. a3 Na6 13. Qd2 Ng7 14. g4 Ne6 15. Be3 Bg7 16. 0-0-0 Nf8 17. f5 Qd7 18. Nh4 Nc7 19. Rdf1 0-0-0 20. f6 exf6 21. exf6 Bxf6 22. Rxf6 hxg4 23. hxg4 Qxg4 24. Rf4 Qd7 25. Rhf1 f5 26. Nf3 Nce6 27. Ne5 Qh7 28. R4f2 Nd7 29. Bf4 Nf6 30. Rg1 Rhg8 31. Bg5 Rdf8 32. Bxf6 Rxf6 33. Qe3 Qh4 34. Nf3 Qh7 35. Qe5 Qg7 36. Ng5 Nc7 37. Rh2 Re8 38. Qf4 Rh8 39. Rgh1 Rxh2 40. Rxh2 Ne8 41. Rh7 Qf8 42. Qe5 Nd6 43. Ne6 Rxe6 44. Qxe6+ Kb8 45. Qe7 Qxe7 46. Rxe7 f4 47. Kd1 Nc4 48. b3 Ne3+ 49. Rxe3 fxe3 50. Ke2 Kc7 51. Kxe3 Kd6 52. b4 Ke6 53. Kf4 b6 54. Ne2 Kf6 55. c3 1-0

[Event "Titled Tuesday intern op 01st Aug Late"]
[Site "Chess.com INT"]
[Date "2023.08.01"]
[Round "11"]
[White "Lopez Gracia, Fernando"]
[Black "Jovic, Stanoje"]
[Result "0-1"]
[WhiteElo "2252"]
[BlackElo "2075"]
[PlyCount "158"]
[EventDate "2023.08.01"]
[EventType "swiss (blitz)"]
[EventRounds "11"]
[EventCountry "USA"]
[SourceTitle "EXT 2024"]
[Source "ChessBase"]
[SourceDate "2023.10.10"]
[SourceVersion "1"]
[SourceVersionDate "2023.10.10"]
[SourceQuality "1"]

1. e4 c6 2. Nf3 d5 3. d3 dxe4 4. dxe4 Qxd1+ 5. Kxd1 Bg4 6. Nbd2 Nd7 7. h3 Bxf3+ 8. Nxf3 e5 9. a4 Bc5 10. c3 Bxf2 11. Bc4 Ngf6 12. Ke2 Bg3 13. Bd3 Nc5 14. Nd2 Nxd3 15. Kxd3 0-0-0+ 16. Ke2 Bf4 17. Rf1 Rd7 18. Nc4 Bxc1 19. Raxc1 Nxe4 20. Rf3 f6 21. a5 Rhd8 22. Rc2 Kc7 23. b4 b5 24. axb6+ axb6 25. Ra2 Kb7 26. Re3 Nd6 27. Nxd6+ Rxd6 28. c4 Ra8 29. Rb2 Ra1 30. c5 Rdd1 31. Kf2 Rf1+ 32. Kg3 Rfe1 33. Rd3 Red1 34. Rc3 b5 35. Kg4 g6 36. Rf3 Rf1 37. Rd3 Rad1 38. Ra3 Ra1 39. Rd3 Rfd1 40. Rf3 Rd4+ 41. Kg3 f5 42. Rff2 Ra4 43. Rfe2 e4 44. Kf4 Raxb4 45. Ra2 Ra4 46. Rab2 Rdc4 47. g4 Rxc5 48. gxf5 Rxf5+ 49. Ke3 Rh5 50. Rf2 Rxh3+ 51. Ke2 e3 52. Rf7+ Kb6 53. Rb3 Ra2+ 54. Ke1 Rh1+ 55. Rf1 Ra1+ 56. Ke2 Rhxf1 57. Kxe3 Rae1+ 58. Kd2 Re5 59. Rh3 Rh5 60. Rg3 Rh2+ 61. Kd3 Rhf2 62. Ke4 Rf5 63. Rh3 R1f4+ 64. Ke3 Rf3+ 65. Rxf3 Rxf3+ 66. Kxf3 b4 67. Ke3 h5 68. Kd3 h4 69. Kc4 h3 70. Kxb4 h2 71. Kc4 h1Q 72. Kd4 Qd5+ 73. Kc3 g5 74. Kb2 g4 75. Kc3 g3 76. Kc2 g2 77. Kc3 g1Q 78. Kc2 Qf2+ 79. Kc3 Qfd2# 0-1

[Event "Titled Tuesday intern op 01st Aug Late"]
[Site "Chess.com INT"]
[Date "2023.08.01"]
[Round "2"]
[White "Lopez Gracia, Fernando"]
[Black "Sanhueza, Cristian"]
[Result "0-1"]
[WhiteElo "2252"]
[BlackElo "2215"]
[PlyCount "122"]
[EventDate "2023.08.01"]
[EventType "swiss (blitz)"]
[EventRounds "11"]
[EventCountry "USA"]
[SourceTitle "EXT 2024"]
[Source "ChessBase"]
[SourceDate "2023.10.10"]
[SourceVersion "1"]
[SourceVersionDate "2023.10.10"]
[SourceQuality "1"]

1. e4 c5 2. Nf3 d6 3. d4 cxd4 4. Nxd4 Nf6 5. Nc3 a6 6. Bd3 e6 7. f4 Nbd7 8. Be3 Qc7 9. 0-0 b6 10. Qf3 Bb7 11. Rad1 Be7 12. Qg3 Rg8 13. Kh1 0-0-0 14. a4 h6 15. f5 e5 16. Nde2 g6 17. Qf2 Ng4 18. Qg1 Nxe3 19. Qxe3 Nf6 20. Nd5 Nxd5 21. exd5 gxf5 22. Rxf5 Kb8 23. c4 Rdf8 24. Rdf1 Bg5 25. Qf3 Rg7 26. Ng3 Bc8 27. Nh5 Bxf5 28. Nxg7 Bc8 29. Nf5 Qd7 30. Ng3 Qg4 31. Qf2 Kb7 32. a5 bxa5 33. Ra1 Qd4 34. Qxd4 exd4 35. Rxa5 Re8 36. Ra1 Re3 37. Bf5 Rb3 38. Bxc8+ Kxc8 39. Rb1 d3 40. Kg1 Bf6 41. Kf1 Rxb2 42. Rxb2 Bxb2 43. Ke1 Bc3+ 44. Kd1 a5 45. Ne4 Be5 46. Kd2 Bxh2 47. g3 Kd7 48. Kxd3 Bg1 49. Kc3 Bc5 50. Kb3 Bb4 51. g4 Ke7 52. Kc2 f6 53. Kd3 Kf7 54. Ng3 Kg6 55. Nf5 Kg5 56. Ke4 Kxg4 57. Nxh6+ Kg5 58. Nf7+ Kg6 59. Nd8 a4 60. Nc6 Bc5 61. Kd3 f5 0-1

[Event "Titled Tuesday intern op 01st Aug Early"]
[Site "Chess.com INT"]
[Date "2023.08.01"]
[Round "7"]
[White "Preobrazhenskaya, Diana"]
[Black "Lopez Gracia, Fernando"]
[Result "1-0"]
[WhiteElo "2056"]
[BlackElo "2252"]
[PlyCount "155"]
[EventDate "2023.08.01"]
[EventType "swiss (blitz)"]
[EventRounds "11"]
[EventCountry "USA"]
[SourceTitle "EXT 2024"]
[Source "ChessBase"]
[SourceDate "2023.10.10"]
[SourceVersion "1"]
[SourceVersionDate "2023.10.10"]
[SourceQuality "1"]

1. e4 c5 2. Nf3 e6 3. g3 Nf6 4. Qe2 Nc6 5. Bg2 d6 6. 0-0 Be7 7. c3 0-0 8. d4 cxd4 9. cxd4 d5 10. e5 Nd7 11. Nc3 a6 12. Be3 b5 13. Nd2 b4 14. Na4 a5 15. Rfc1 Ba6 16. Qg4 Bb5 17. b3 Re8 18. f4 g6 19. Nb2 Nb6 20. Qf3 a4 21. bxa4 Nxa4 22. Nxa4 Rxa4 23. Nb3 Na5 24. h4 Bc4 25. Bd2 Qa8 26. Qd1 Nxb3 27. axb3 Bxb3 28. Qe1 Rb8 29. Rab1 Bc4 30. Rxc4 dxc4 31. Bxa8 Rbxa8 32. Bxb4 Bxb4 33. Rxb4 Ra1 34. Rb1 R1a2 35. Qc1 R8a3 36. Qe1 c3 37. Rc1 c2 38. Qd2 Rxg3+ 39. Kh2 Rg4 40. Rxc2 Rxc2 41. Qxc2 Rxf4 42. Qc3 Rxh4+ 43. Kg3 Rh5 44. Qc8+ Kg7 45. Qd8 Rf5 46. Qh4 h5 47. Qe4 g5 48. d5 Rf4 49. Qd3 exd5 50. Qxd5 h4+ 51. Kh3 Kg6 52. Qc6+ Kf5 53. Qc7 Rf3+ 54. Kg2 Re3 55. Qxf7+ Kxe5 56. Qe7+ Kf4 57. Qf6+ Kg4 58. Qd4+ Kh5 59. Qxe3 g4 60. Qe5+ Kg6 61. Qe6+ Kg5 62. Qe7+ Kf4 63. Qxh4 Kf5 64. Qh5+ Kf4 65. Qg6 g3 66. Qxg3+ Ke4 67. Qg4+ Kd3 68. Qf4 Ke2 69. Kg3 Kd3 70. Qe5 Kc2 71. Qd4 Kb3 72. Qc5 Ka4 73. Qb6 Ka3 74. Kf3 Ka4 75. Ke3 Ka3 76. Kd3 Ka4 77. Kc3 Ka3 78. Qa5# 1-0